| 000 | 00849nam a2200205Ii 4500 | ||
|---|---|---|---|
| 003 | JO-AjNU | ||
| 008 | 230605s9999||||xx |||||||||||||| ||und|| | ||
| 040 |
_aJO-AjNU _bara _erda _cJO-AjNU |
||
| 041 | _aara | ||
| 050 | 1 | 4 | _aDS39.2 M85 1986 |
| 100 | 3 |
_aتاليف المؤمن، مكي حبيب، م.مشارك منهل، علي عجيل, _eauthor _98814 |
|
| 245 | 0 | 0 | _aمن طلائع يقطة الامة العربية: عزيز علي المصري، نجيب عازوري، فرح انطوان، شبلي شميل |
| 250 | _aط2 | ||
| 264 | 3 | 1 | _aبغداد: دار الشئون الثقافية العامة، 1986 |
| 300 | _a111ص | ||
| 336 |
_atext _btxt _2rdacontent |
||
| 337 |
_aunmediated _bn _2rdamedia |
||
| 338 |
_avolume _bnc _2rdacarrier |
||
| 650 | 4 |
_aالعرب- تراجم، العرب - تاريخ- القرن العشرون _98815 |
|
| 999 |
_aA980 _c4548 _d4548 |
||